[Event "HUN-ch 55th"]
[Site "Kazincbarcika"]
[Date "2005.05.13"]
[Round "4"]
[White "Portisch, Lajos"]
[Black "Berkes, Ferenc"]
[Result "1-0"]
[WhiteElo "2525"]
[BlackElo "2617"]
[Annotator "Ribli,Z"]
[PlyCount "139"]
[EventDate "2005.05.10"]
[EventType "tourn"]
[EventRounds "9"]
[EventCountry "HUN"]
[EventCategory "12"]
[SourceTitle "CBM 107"]
[Source "ChessBase"]
[SourceDate "2005.08.01"]
[SourceVersion "1"]
[SourceVersionDate "2005.08.01"]
[SourceQuality "1"]

1. Nf3 Nf6 2. c4 e6 3. Nc3 Bb4 4. Qc2 {Das ist die klassische Fortsetzung, der
moderne Zug ist 4.g4!? mit Komplikationen.} O-O 5. a3 Bxc3 6. Qxc3 b6 7. b4 a5
8. d3 $5 {[%mdl 4] Dieser - auf den ersten Blick - sehr einfache Zug ist eine
theoretische Neuerung! Was ist die weiße Idee von 8.d3? Im Falle von 8...axb4
9.axb4 Rxa1 10.Qxa1; die Dame würde dann auf a1 sehr aktiv stehen. Das ist der
Grund, weshalb Weiß nicht 8.Bb2 spielt.} (8. Bb2 axb4 (8... d6 9. e3 axb4 10.
axb4 Rxa1+ 11. Bxa1 c5 12. Be2 e5 13. d3 Re8 14. O-O Na6 (14... Nc6 15. bxc5
bxc5 16. h3 Bd7 17. Qd2 Qb6 18. Nh4 Ra8 19. Bc3 Qb3 20. Ra1 Rxa1+ {1/2-1/2
Kramnik,V-Anand,V/Dortmund ) 1998/(20)}) 15. bxc5 bxc5 16. Rb1 Nb4 17. Qb3 {
1/2-1/2 Khalifman,A-Anand,V/New Delhi IND 2000/(17)}) 9. axb4 Rxa1+ 10. Bxa1 c5
$5 11. g3 (11. bxc5 bxc5 12. e3 Nc6 13. Be2 d6 14. O-O e5 15. d4 cxd4 16. exd4
Bg4 17. dxe5 dxe5 18. h3 Nd4 19. Qe3 Bxf3 20. Bxf3 Nxf3+ 21. Qxf3 Qc7 {1/2-1/2
Cobb,C-Davies,N/Nottingham 2005/ (21)}) 11... d6 (11... cxb4 12. Qxb4 Nc6 13.
Qc3 Ba6 14. Bg2 b5 15. cxb5 Bxb5 16. d3 Qa5 17. Qxa5 Nxa5 18. Bxf6 gxf6 19. Nd4
$14 {0-1 Van Wely,L-Kramnik,V/Monte Carlo 2004/(77)}) 12. Bg2 e5 13. b5 (13.
O-O Nc6 14. b5 Nd4 $1 15. Nxd4 cxd4 $5 16. Qb4 Qc7 17. e3 Qc5 {0-1 Van Wely,
L-Adams,M/Wijk aan Zee 2000/(76)}) 13... Re8 (13... Bb7 14. O-O Nbd7 15. Bb2 (
15. d3 {/\ e4}) 15... Qc7 16. Ra1 Rb8 17. Ra7 Qc8 18. d3 Nf8 19. Qa3 Ra8 20.
Nh4 Bxg2 21. Kxg2 Rb8 {1/2-1/2 Van Wely,L-Handke,F/Amsterdam 2002/(45)}) 14.
O-O Nbd7 15. d3 Bb7 16. Bb2 Nf8 17. Ra1 Ne6 18. e3 Qb8 19. Qa3 Qc7 20. Qb3 Ra8
21. Rxa8+ Bxa8 22. Qa3 Qb8 {0-1 Van Wely,L-Anand,V/Monte Carlo MNC 2005/(45)})
8... Bb7 9. e3 Qe7 (9... axb4 10. axb4 Rxa1 11. Qxa1 $14) 10. Rb1 (10. Bd2)
10... axb4 11. axb4 d5 (11... d6 $5 {Nach meiner Meinung wäre dies ein guter
Zug, um die Stellung geschlossen halten.}) 12. Be2 c5 $6 {Dieser Zug gefällt
mir nicht, da Weiß nun die Stellung öffnen kann, was für ihn aufgrund des
Läuferpaars und besonders seines aktiv werdenden schwarzfeldrigen Läufers
vorteilhaft ist.} (12... Nbd7 $5) 13. bxc5 bxc5 14. Bb2 $14 {[%csl Gb2][%cal
Gb2h8] Wegen des Läuferpaares verfügt Weiß über einen kleinen Positionsvorteil.
} Nc6 15. O-O (15. cxd5 exd5 16. O-O d4 $132) 15... dxc4 (15... Rfd8 16. cxd5
exd5 17. Rfc1 $16 {[%csl Rc5][%cal Rc1c5]}) 16. Qxc4 (16. dxc4 Rfd8 $11) 16...
Ba6 17. Bxf6 (17. Qh4 e5 18. Rfd1 $14) (17. Qf4 $14) 17... gxf6 18. Qh4 Nb4 19.
Ne5 {[%cal Gh4e7]} Nd5 20. Ng4 {Dieser Springerzug ist verlockend, aber Weiß
hat keine konkreten Angriffchancen am Königsflügel.} (20. Nc4 $14) 20... Kh8 $1
{[%cal Gf8g8,Gg8g1] Der Königszug bereitet 21...Rg8 vor.} 21. Rbc1 Rg8 22. Nh6
$2 (22. Rfd1) 22... Rg6 $132 23. e4 Nb4 {[%csl Ga6,Gb4,Rd3] Plötzlich besitzt
Weiß einen schlecht zu verteidigenden d3P.} 24. Ra1 Rd8 25. Rfd1 Kg7 26. Ng4
Qc7 $15 (26... Bxd3 27. e5 {[%csl Rf6][%cal Gh4d8]}) 27. Qg3 $5 (27. Ra3 Qd6
$15) 27... Qc8 (27... Qxg3 28. fxg3 $1 (28. hxg3 $2 Bxd3 $17) 28... Bxd3 29.
Nf2 c4 30. Ra4 $11) 28. Qh3 e5 $1 $17 {[%cal Gc8h3]} 29. Qh5 (29. f4 exf4 30.
Nf2 Nc2 $17) 29... Bxd3 30. Bxd3 Qxg4 $1 (30... Nxd3 31. Ne3 $132 {[%csl Yf5]
[%cal Ge3f5]}) 31. Qxg4 Rxg4 32. f3 Nxd3 $6 {Schwarz opfert die Qualität und
baut auf seinem Fraibauern. Jedoch ist das Qualitätsopfer zweischneidig,
besonders in der Zeitnot.} (32... Rg6 $17) 33. fxg4 c4 {[%mdl 4096]} 34. Ra7 $1
$132 {[%csl Ga7][%cal Ga7c7,Gc7c4,Gc7h7] Auf diese Weise aktiviert Weiß seinen
Turm und kann notfalls auch Tc7 spielen, alternativ möchte er seine Türme auf
der 7.Reihe verdoppeln.} (34. Ra4 Rd4 35. Rxd3 Rxd3 (35... cxd3 36. Rxd4 exd4
37. Kf2 {[%csl Rd3,Rd4][%cal Gf2e1,Ge1d2]} f5 (37... Kg6 38. Ke1 Kg5 39. Kd2
Kxg4 40. Kxd3 $11) 38. exf5 Kf6 39. Ke1 Kg5 40. Kd2 Kxg4 41. Kxd3 Kxf5 42. Kxd4
$11) 36. Rxc4 Kg6 37. Kf2 Kg5 38. Rc6 $11) 34... Rd4 (34... Rc8) 35. Rc7 Rxe4
36. h3 Kg6 (36... Re2 37. Rb1 (37. Rxc4 Nb2 $17) 37... Nf4 (37... Rc2 38. Rbb7
Kg6 39. Rxf7 Kg5 40. g3 $18 {[%csl Rg5]}) 38. Rbb7 Rxg2+ 39. Kf1 h5 40. Rxf7+
Kg6 41. Rg7+ Kh6 42. Rh7+ Kg5 43. Rxh5+ Nxh5 (43... Kg6 44. Rhh7 $18) 44. Kxg2
Nf4+ 45. Kh2 f5 46. gxf5 (46. Rg7+ Kf6 47. Rc7 fxg4 48. hxg4 Kg5 49. Kg3 Ne2+
$11) 46... Kxf5 47. Rc7 Ke4 48. Rxc4+ Kf3 $11) 37. Ra1 Nf4 38. Ra2 Nd5 (38...
c3 39. Kf2 Nd5) 39. Rc5 Rd4 40. Ra8 $1 c3 41. Rg8+ Kh6 42. Rc6 Rd2 43. Kh2 $1
c2 $2 (43... e4 $1 44. Kg3 e3 45. Kh4 Rd4) 44. Kg3 {Droht 45.Rh4 und 46.g5#.}
c1=Q $2 $138 {Nach diesem unglaublichem Fehler ist es klar, dass Weiß sicher
nicht verlieren kann. Und nur wegen der schlechten Königsstellung kann Schwarz
die Partie nicht gewinnen} (44... e4 $2 45. Kh4 Rxg2 46. g5+ Rxg5 47. Rxg5 $18)
(44... Rd3+ $1 45. Kh4 c1=Q $1 46. g5+ $1 (46. Rxc1 Ne7 47. g5+ fxg5+ 48. Rxg5
Ng6+ 49. Rxg6+ hxg6 $17) 46... Qxg5+ 47. Rxg5 Ne7 48. Rxf6+ Ng6+ 49. Rfxg6+
hxg6 50. Rxe5 $11) 45. Rxc1 Nf4 46. Kf3 Nxg2 (46... Rxg2 $2 47. Rc6 Rg1 48.
Rxf6+ Ng6 49. Kf2 Rh1 50. Kg3 Ra1 51. Rf5 $18) (46... Rd3+ 47. Kf2 (47. Ke4
Rd4+ 48. Ke3 Rd3+) 47... Rd2+ 48. Kf1 $16) 47. Rc6 Nh4+ 48. Ke3 Rh2 49. Rxf6+
Ng6 50. Rf3 (50. Rxf7 Rxh3+) 50... Nf4 (50... Kg5 51. Rg7 $16 (51. Rf5+ Kh4 52.
Rh5+ Kg3 53. Rxh7 Rxh3 54. Rxf7 Kxg4+ 55. Ke4 Kg5 $11)) 51. Ke4 Rxh3 52. Rxh3+
Nxh3 53. Kxe5 $18 {[%csl Gg8,Rh6] Der schwarze König steht hoffnungslos
schlecht auf h6, so dass Weiß den f-Bauern gewinnt.} Ng5 54. Kf6 Ne4+ 55. Kxf7
Ng5+ 56. Kf6 Ne4+ 57. Ke5 Ng5 58. Kf5 Nf7 59. Kf6 Ng5 60. Ra8 (60. Rxg5 $4 $11
{Das ist die einzige Rettungchance für Schwarz wegen Patt.}) 60... Ne4+ 61. Kf5
Nd6+ 62. Ke5 Nc4+ 63. Kd4 Nd2 64. Ra2 Nf3+ 65. Ke4 Nh4 (65... Ng5+ 66. Kf5 $18)
66. Kf4 Kg7 (66... Ng6+ 67. Kf5 Ne7+ 68. Ke6 Ng6 69. Kf6 $18) 67. Ra7+ Kh6 68.
g5+ Kg6 69. Kg4 Ng2 70. Re7 {[%csl Rg2][%cal Re7e2,Re2g2]} 1-0

[Event "Moscow Aeroflot op-A"]
[Site "Moscow"]
[Date "2006.02.12"]
[Round "5"]
[White "Sakaev, Konstantin"]
[Black "Azarov, Sergei Nikolaevich"]
[Result "1-0"]
[WhiteElo "2649"]
[BlackElo "2581"]
[Annotator "Ribli,Z"]
[PlyCount "123"]
[EventDate "2006.02.08"]
[EventType "swiss"]
[EventRounds "9"]
[EventCountry "RUS"]
[SourceTitle "CBM 112"]
[Source "ChessBase"]
[SourceDate "2006.06.07"]
[SourceVersion "1"]
[SourceVersionDate "2006.06.07"]
[SourceQuality "1"]

1. Nf3 Nf6 2. c4 e6 3. Nc3 Bb4 4. Qc2 b6 5. a3 Bxc3 6. Qxc3 Bb7 7. g3 {Weiß
entwickelt den Läufer nach g2, die andere Lauferentwicklung nach e2 (mit e3)
wäre ebenfalls möglich.} O-O 8. Bg2 c5 9. O-O Nc6 10. b4 {Ein typischer Zug in
dieser Variante - Weiß zieht den Laufer auf b2 und gewinnt Raum am Damenflügel.
} d6 11. d3 e5 {Die schwarze Strategie ist, nach 5...Bxc3, seine Bauern auf
die schwarzen Felder zu positionieren, um den schwarzen weißfeldrigen Läufer
zu neutralisieren.} (11... h6 12. Bb2 Qe7 13. e4 (13. e3 $5) 13... Rfd8 14. b5
Nb8 15. Nh4 a6 16. a4 axb5 17. axb5 Nbd7 18. f4 Nf8 19. f5 {1/2-1/2 Hernandez,
H-Delgado,N/Santa Clara 2006/ (50)}) 12. e3 Re8 13. Bb2 Rc8 14. b5 Na5 (14...
Nb8 15. a4 a5 16. e4 Nbd7 17. Nh4 $16) (14... Ne7 15. Nxe5 (15. e4 Ng6 16. Nd2
Nf8 17. f4 Ne6 18. Rae1 $14) 15... Bxg2 16. Ng4 Ned5 17. Nxf6+ gxf6 18. cxd5
Bxd5 (18... Bxf1 19. Rxf1 $16 Qe7 $140 20. Qc4 $1 f5 21. Qf4) 19. Rfe1 {
1-0 Kramnik,V-Ehlvest,J/Wien 1996/(30)}) 15. e4 $14 {[%csl Ra5,Rb7] In dieser
geschlossenen Stellung verfügt Weiß über Raumvorteil und die schwarze Figuren
stehen am Damenflügel passiv.} Nd7 16. Bh3 $1 {[%mdl 32] Eine ausgezeichnete
Strategie von Weiß: er tauscht den Läufer, da das Läuferpaar in der
geschlossene Stellung wenig wertvoll ist. Wir können nun sehen, dass der
b2-Läufer viel stärker wird, als sein weißfeldriger Kollege auf b7.} Rc7 17.
Bxd7 Rxd7 18. Nh4 {[%cal Gf2f4]} f6 (18... a6 19. a4 $14) 19. Nf5 Ba8 20. Ne3 {
[%csl Ge3][%cal Ye3d5,Ye3f5] Der Springer steht gut auf e3, er kontrolliert
die wichtigsten Felder.} Nb7 21. f4 Qb8 (21... exf4 22. Rxf4 $16 (22. gxf4 $16)
) 22. f5 {[%cal Yg3g4,Yg4g5] Weiß besitzt großen Raumvorteil und öffnet im
folgenden die Stellung mit g4 und g5.} a5 23. Rf2 (23. bxa6 $6 Na5 24. g4 Ra7)
23... Nd8 24. Qc2 Kf7 {Der König befindet sich einer in Gefahrenzone am
Königsflügel und strebt nun ins sichere Zentrum.} 25. g4 Ke7 26. h4 h6 27. Raf1
Nf7 {[%cal Gf6g5,Gh6g5,Gf7g5] Schwarz hat eine feste Verteidigungsstellung,
aber seine Stellung ist passiv. Es ist nicht leicht für Weiß g4-g5 zu ziehen,
aber nach den vorangegangenen vorbereiteten Zügen ist dieser Durchbruch stark.}
28. Bc1 Rh8 29. Nd1 Rdd8 30. Nc3 Rh7 31. Rf3 Rdh8 {[%mdl 256] Schwarz
verteidigt sich gut in dieser schweren Stellung; für den Fall, dass Weiß g4-g5
zieht, möchte er sich die h-Linie sichern.} 32. Kf2 $1 {Ein typisches Motiv in
solchen Stellungen: der weiße König wechselt zum Damenflügel.} Qd8 33. Ke1 Bb7
34. Qg2 {[%cal Ge1d1,Gd1c2,Gc2b3,Gf3g3,Gf1g1,Gg1g5] Weiß möchte auf der
g-Linie trippeln während sein König nach b3 strebt.} Kd7 35. Rg3 Kc7 36. Bd2
Kb8 37. Qf3 Ka7 38. Rfg1 Qf8 39. Kd1 Qe7 40. Kc2 Qf8 41. Kb3 Qe7 42. Be3 Qf8
43. g5 {Endlich kann Weiß diesen Durchbruch ausführen.} hxg5 44. hxg5 Rh2 (
44... fxg5 45. Bxg5 Nxg5 46. Rxg5) 45. g6 $1 $18 {[%csl Gd3,Ge4,Gf5,Gg6,Rg7]
Weiß hat eine ausgezeichnete Bauernkette auf d3-e4-f5-g6. Der g7P ist nun die
Schwächung in der schwarzen Stellung.} Nd8 (45... Ng5 46. Bxg5 fxg5 47. Rxg5
$16) (45... Nh6 46. Rh3 Ng8 47. Rxh2 Rxh2 48. Rh1 Rxh1 49. Qxh1 Ne7 50. Qh7 $18
{[%cal Gc3e2,Ge2g3,Gg3h5]}) 46. R3g2 R2h3 47. Rg3 Rh2 48. Bf2 R8h5 49. R3g2
Rxg2 50. Rxg2 Qh8 51. Bg1 Rh1 52. Qe2 Qh6 53. Rh2 Rxh2 54. Bxh2 (54. Qxh2 Qxh2
(54... Qc1 55. a4 $18) 55. Bxh2 Kb8 56. Bg3 Kc7 57. Bh4 Kd7 58. Bxf6 $18) 54...
Qc1 55. Bg3 (55. a4 $16) 55... a4+ {Schwarz opfert einen Bauern, aber seine
Stellung bleibt hoffnungslos.} (55... Bc8 56. a4) 56. Nxa4 Bc8 57. Qe1 Qg5 58.
Bh4 Qh6 59. Nc3 Nb7 60. Kc2 Na5 61. Qg3 Qh8 62. Bxf6 $1 (62. Bxf6 gxf6 63. g7
Qg8 64. Nd5 $18) 1-0

[Event "Moscow Aeroflot op-A"]
[Site "Moscow"]
[Date "2005.02.22"]
[Round "8"]
[White "Sorokin, Maxim"]
[Black "Berkes, Ferenc"]
[Result "1-0"]
[WhiteElo "2578"]
[BlackElo "2610"]
[Annotator "Ribli,Z"]
[PlyCount "73"]
[EventDate "2005.02.15"]
[EventType "swiss"]
[EventRounds "9"]
[EventCountry "RUS"]
[SourceTitle "CBM 106"]
[Source "ChessBase"]
[SourceDate "2005.06.06"]
[SourceVersion "1"]
[SourceVersionDate "2005.06.06"]
[SourceQuality "1"]

{[%mdl 4]} 1. Nf3 Nf6 2. c4 e6 3. Nc3 Bb4 4. g3 c5 5. Bg2 O-O 6. O-O Nc6 7. Na4
{Da Schwarz mit a2-a3 rechnen muss, steht sein B auf b4 nicht mehr günstig.} (
7. d4) 7... d6 (7... Qe7 8. a3 Ba5 9. d4 $1 d6 $1 10. Rb1 e5 $1 11. b4 $1 (11.
d5 Bf5 $1 12. Ra1 Nd4 $11) 11... e4 $1 (11... cxb4 12. d5 Nd8 13. axb4 $16) 12.
Ng5 cxb4 13. d5 Ne5 $1 14. axb4 $14 {1/2-1/2 Ivkov,B-Gheorghiu,F/Wijk aan Zee
5/25 1968/[Gheorghiu,F] (20)}) 8. a3 Ba5 9. d4 cxd4 10. Nxd4 Nxd4 11. Qxd4 Bd7
12. Nc3 Bc6 {Auf diese Weise neutralisiert Schwarz den g2-Läufer.} (12... Bxc3
13. Qxc3 Bc6 14. b3 Bxg2 15. Kxg2 d5 16. Rd1 Qc8 17. Bb2 dxc4 18. Qf3 $36 {
1-0 Olafsson,F-Langeweg,K/Wijk aan Zee 1969/MCL 05 (41)}) 13. Bxc6 $146 (13.
Rd1 Rc8 (13... Bxg2 14. Kxg2 Rc8 15. Nb5 Bb6 16. Qh4 d5 17. cxd5 Nxd5 18. Bg5
f6 {1/2-1/2 Hoelzl,F-Luther,T/Graz 1991/EXP 22 (18)}) 14. Bxc6 Rxc6 15. Ne4
Nxe4 16. Qxe4 Qf6 17. Bf4 Bb6 18. b3 {1-0 Ornstein,A-Jepson,C/SWE-ch 1992/TD
92\08 (53)}) 13... bxc6 14. Bg5 {[%mdl 4] Diese Stellung erinnert mich an die
Variante 4.Qc2 0-0 der Nimzoindischen Verteidigung; hier würde allerdings der
schwarze Läufer auf e7 stehen und nicht auf a5.} Bxc3 15. bxc3 $1 $14 (15. Qxc3
Ne4 {[%cal Re4c3,Re4g5]} 16. Bxd8 Nxc3 17. Bc7 (17. bxc3 Rfxd8 18. Rab1 Rab8
$11) 17... Nxe2+ 18. Kg2 d5 19. Rad1 $14 {[%csl Re2]}) 15... e5 (15... d5 $142
$5) 16. Qh4 h6 (16... Rb8 17. Rab1 $14) 17. Bxf6 Qxf6 18. Qxf6 gxf6 {Nach der
Eröffnung wird schnell in die Endspielphase übergeleitet.} 19. Rab1 Rfb8 20.
Rfd1 Kg7 (20... Rb6 21. Rxb6 axb6 22. Rxd6 Rxa3 23. Rxf6 $16) (20... Rxb1 21.
Rxb1 Kg7 22. Rb7 $16) 21. a4 {Schrittweise verbessert Weiß seine Stellung; er
bereitet nun die Zugfolge 22.Rxb8 Rxb8 23.Rxd6 vor und verteidigt sich gegen
23...Rb3.} (21. Rxb8 Rxb8 22. Rxd6 Rb3) 21... Kg6 $2 (21... Rb6 $142 $5 22. a5
(22. Rxb6 axb6 23. Rxd6 c5 24. Rxb6 Rxa4 $11) (22. Rb4 c5 23. Rb5) 22... Ra6
23. Rxd6 Rxa5 24. Rxc6 $14) 22. Rxb8 Rxb8 23. Rxd6 {[%mdl 4096] Weiß verfügt
im Turmendspiel über einen Mehrbauern und was noch wichtiger ist: der
gegnerische König steht passiv auf g6, während der weiße schnell ins Spiel
gebracht werden kann.} Rb6 24. Kg2 Ra6 25. Kf3 Rxa4 26. Rxc6 Ra3 27. Ke4 $16
Rxc3 28. f3 $1 {Mit diesem kleinen Zug verbessert Weiß seine Bauernstellung am
Königsflügel. Schwarz besitzt hingegen keine nützlichen Züge.} (28. c5 Rc4+ 29.
Kd3 (29. Kd5 $4 Rd4#) 29... Rc1 $14) 28... a5 (28... Rc2 29. Kd3 $16) 29. Kd5 {
[%csl Gc4,Gc6,Gd5] Die Endspielstellung ist nur materiell ausgeglichen: Weiß
verfügt über ein aktiveres Figurenspiel und einen gefährlichen Freibauern.} Re3
30. Ra6 Rxe2 31. c5 {[%csl Gc5] Der weiße Freibauer entscheidet die Partie.}
Rd2+ 32. Kc6 Rd3 (32... Rxh2 $142 33. Kd7 (33. Kb7 Rb2+ 34. Rb6 Rxb6+ 35. cxb6
e4 $1 (35... a4 $2 36. Kc7 a3 37. b7 a2 38. b8=Q a1=Q 39. Qg8+ Kf5 (39... Kh5
40. Qg4#) 40. Qg4#) 36. fxe4 a4 37. Kc7 a3 38. b7 a2 39. b8=Q a1=Q $11) 33...
Rd2+ 34. Rd6 Rxd6+ 35. Kxd6 e4 36. fxe4 a4 37. c6 a3 38. c7 a2 39. c8=Q a1=Q
40. Qg4+ Kh7 41. Ke7 Qe5+ 42. Kxf7 Qc7+ 43. Kxf6 $16) 33. Kb7 Rb3+ 34. Rb6 Rxf3
$2 (34... Rxb6+ 35. Kxb6 (35. cxb6) 35... e4 (35... a4 36. c6 a3 37. c7 a2 38.
c8=Q a1=Q 39. Qg8+ $18) 36. fxe4 a4 37. c6 a3 38. c7 a2 39. c8=Q a1=Q 40. Qg8+
Kh5 41. Qxf7+ Kg4) 35. c6 Rc3 36. c7 {Es droht 37.Rc6 mit sofortigem Gewinn.}
Rxc7+ 37. Kxc7 (37. Kxc7 e4 38. Ra6 Kg5 39. Rxa5+ Kg4 40. Ra3 $18 (40. Ra6 $18)
) 1-0